000 00971nam a2200253Ia 4500
003 OSt
005 20220923222651.0
006 a|||||r|||| 00| 0
007 ta
008 220922b |||||||| |||| 00| 0 hin d
024 _a206,958
037 _cTextual
040 _aARTS
_cARTS
_bhin
041 _2hin
_ahin
082 _aO152,6N212x, M6
100 _aयायावर, भारत, संपा.
245 0 _aरेणु से भेंट
_b फणीश्वरनाथ रेणु से भेटवार्ताओं का संकलन
246 _aReṇu se bheanṭa: faṇīshvaranāth reṇu se bheṭavārtāoan kā sankalana
260 _aदिल्ली
_b वाणी प्रका0
_c1987
300 _a128पृ.
_ccm.
650 _aहिन्दी साहित्य
_9156264
942 _hO152,6N212x, M6
_cTEXL
_2CC
999 _c357578
_d357578